MARC details
| 000 -CABECERA |
| campo de control de longitud fija |
01644cam a22003974i 4500 |
| 001 - NÚMERO DE CONTROL |
| campo de control |
991030116339706706 |
| 003 - IDENTIFICADOR DEL NÚMERO DE CONTROL |
| campo de control |
ES-BaIT |
| 005 - FECHA Y HORA DE LA ÚLTIMA TRANSACCIÓN |
| campo de control |
20260416091950.0 |
| 008 - DATOS DE LONGITUD FIJA--INFORMACIÓN GENERAL |
| campo de control de longitud fija |
960521s1921 sp |||||| |00| d|spa|c |
| 035 ## - NÚMERO DE CONTROL DEL SISTEMA |
| Número de control de sistema |
(ES-BaCBU).b17905515 |
| 035 ## - NÚMERO DE CONTROL DEL SISTEMA |
| Número de control de sistema |
(OCoLC)805667017 |
| 040 ## - FUENTE DE LA CATALOGACIÓN |
| Centro catalogador/agencia de origen |
ES-BaCBU |
| Lengua de catalogación |
cat |
| Centro/agencia transcriptor |
ES-BaCBU |
| 041 1# - CÓDIGO DE LENGUA |
| Código de lengua del texto/banda sonora o título independiente |
spa |
| Código de lengua original |
ger |
| 080 ## - NÚMERO DE LA CLASIFICACIÓN DECIMAL UNIVERSAL |
| Número de la Clasificación Decimal Universal |
830-2"19" |
| 100 1# - ENTRADA PRINCIPAL--NOMBRE DE PERSONA |
| Nombre de persona |
Schnitzler, Arthur, |
| Fechas asociadas al nombre |
1862-1931 |
| Término indicativo de función/relación |
autor |
| 9 (RLIN) |
45679 |
| 240 10 - TÍTULO UNIFORME |
| Título uniforme |
Teatre. |
| Subencabezamiento de forma |
Seleccions. |
| Lenguaje de la obra |
Castellà |
| 9 (RLIN) |
157576 |
| 245 10 - MENCIÓN DE TÍTULO |
| Título |
Anatol ; |
| Resto del título |
y, A la cacatúa verde / |
| Mención de responsabilidad, etc. |
Arturo Schnitzler ; traducción del alemán por Trudy Graa y Luis Araquistain |
| 264 #1 - PRODUCCIÓN, PUBLICACIÓN, DISTRIBUCIÓN, FABRICACIÓN Y COPYRIGHT |
| Producción, publicación, distribución, fabricación y copyright |
[Madrid] : |
| Nombre del de productor, editor, distribuidor, fabricante |
Calpe, |
| Fecha de producción, publicación, distribución, fabricación o copyright |
[1921] |
| 264 #4 - PRODUCCIÓN, PUBLICACIÓN, DISTRIBUCIÓN, FABRICACIÓN Y COPYRIGHT |
| Producción, publicación, distribución, fabricación y copyright |
©1921 |
| 300 ## - DESCRIPCIÓN FÍSICA |
| Extensión |
186 pàgines ; |
| Dimensiones |
21 cm |
| 336 ## - TIPO DE CONTENIDO |
| Término de tipo de contenido |
text |
| Código de tipo de contenido |
txt |
| Fuente |
rdacontent |
| 337 ## - TIPO DE MEDIO |
| Nombre/término del tipo de medio |
sense mediació |
| Código del tipo de medio |
n |
| Fuente |
rdamedia |
| 338 ## - TIPO DE SOPORTE |
| Nombre/término del tipo de soporte |
volum |
| Código del tipo de soporte |
nc |
| Fuente |
rdacarrier |
| 490 1# - MENCIÓN DE SERIE |
| Mención de serie |
Colección contemporánea |
| 500 ## - NOTA GENERAL |
| Nota general |
Títols dels actes d'Anatol: La pregunta al destino ; Compras de Navidad ; Episodio ; Piedras conmemorativas ; Cena de despedida ; Agonía ; Mañana de boda de Anatol |
| 593 ## - Camps col·lecció exemplar |
| Codi de localització de l’ítem (numèric ) |
0110 |
| Signatura topogràfica i/o núm. de registre |
20.970 |
| Notes |
Enquadernació en tela encarnada |
| Nom de la col·lecció especial |
Artur Sedó |
| 700 12 - ENTRADA AGREGADA--NOMBRE PERSONAL |
| Información de relación/Frase instructiva de referencia |
Contenidor de (expressió): |
| Nombre de persona |
Schnitzler, Arthur, |
| Fechas asociadas al nombre |
1862-1931. |
| Título de la obra |
Grüne Kakadu. |
| Lenguaje de la obra |
Castellà |
| 9 (RLIN) |
169273 |
| 700 12 - ENTRADA AGREGADA--NOMBRE PERSONAL |
| Información de relación/Frase instructiva de referencia |
Contenidor de (expressió): |
| Nombre de persona |
Schnitzler, Arthur, |
| Fechas asociadas al nombre |
1862-1931. |
| Título de la obra |
Anatol. |
| Lenguaje de la obra |
Castellà |
| 9 (RLIN) |
79248 |
| 700 1# - ENTRADA AGREGADA--NOMBRE PERSONAL |
| Nombre de persona |
Araquistáin, Luis, |
| Fechas asociadas al nombre |
1886-1959 |
| Término indicativo de función/relación |
traductor |
| 9 (RLIN) |
148652 |
| 700 1# - ENTRADA AGREGADA--NOMBRE PERSONAL |
| Nombre de persona |
Graa, Trudy |
| Término indicativo de función/relación |
traductor |
| 9 (RLIN) |
23231 |
| 830 #0 - PUNTO DE ACCESO ADICIONAL DE SERIE-TÍTULO UNIFORME |
| Título uniforme |
Colección contemporánea (1920) |
| 9 (RLIN) |
169274 |
| 902 ## - ELEMENTOS DE DATOS B LOCAL, LDB (RLIN) |
| a |
Patrimoni |
| 908 ## - COLOCAR PARÁMETRO DE COMANDO (RLIN) |
| Colocar parámetro de comando |
BC |
| -- |
CDMAE |
| -- |
UAB |
| -- |
UB |
| -- |
BAB |
| 942 ## - ELEMENTOS DE ENTRADA AGREGADA (KOHA) |
| Fuente del sistema de clasificación o colocación |
Clasificación decimal universal |
| Tipo de ítem Koha |
Llibre |
| 949 ## - PROCESAMIENTO DE INFORMACIÓN LOCAL (OCLC) |
| 6 |
1900018993 |
| a |
N-35330 |
| o |
R.20.189 |